000 00676nam a2200277Ia 4500
005 20260320195830.0
008 008 262003s9999 xx 000 0 hin d
020 _a9789392757754
037 _aEBOOK
040 _aCRL
040 _bhin
040 _cCRL
041 _2hin
041 _ahin
084 _qCRL
100 _aमलयज, सं. नामवर सिंह
_91133255
245 0 _aरामचन्द्र शुक्ल
250 _a2nd
260 _bRajkamal
260 _c2022
300 _a134
856 _uhttps://ebook.indiaread.in/pdfs/9789392757754.pdf
942 _cEBOOK
999 _c1716743
_d1716743